zpět

Detail výsledku týmu

Cafe & Bar NO.95, Domažlice

Datum a čas kvízu

33.5 Celkem bodů Celkový počet nahraných bodů na tomto kvízu bez doplňovacích otázek.
5. Pořadí na kvízu Konečné umístění týmu na tomto kvízu.

Zaznamenané odpovědi

# Otázka Odpověď Body Výsledky
1. Která 55letá česká herečka a z... Kateřina Brožová 1
2. Ve Spojených státech došlo k n... Sněmovna reprezentantů 1
3. Agáta Hanychová minulý týden o... Miroslav Dopita 1
4. Ve středu byla v Berlíně předs... Škoda Kodiaq 0
5. Kolikátý titul v řadě mistra s... třetí titul 0
6. Téma o slavných trojicích, kte... Renault, Peugeot, Citroën 1
7. Která tříčlenná kapela stojí z... Green Day 1
8. Na začátku které slavné původn... Matrix 1
9. Ze které části Francie pochází... C 1
10. Které společné příjmení patří... Zohorna 0